000 00415nam a22001337a 4500
020 _qPB.
040 _cFizza Ishaq
082 _a306.740
_bKAR
100 _aAbbott, Karen.
_9133437
245 _aSin in the Second City: Madams, Ministers, Playboys, and the Battle for America's Soul /
_cKaren Abbott.
260 _aNew York :
_bRandom House,
_c2007.
300 _a339 P, ;
_c5.4 x 8.1 x 1 inches
942 _2ddc
_cBK
999 _c616388
_d616388